000 00805nam a22002172 4500
001 0000012581
005 20151217160127.0
008 090222s xx 000 0 eng d
020 _a0669386332 :
040 _aKABU
_cKABU
100 1 _aKemper, Dave.
_@0000169463
245 1 0 _aWriters express :
_ba handbook for young writers, thinkers, and learners /
_cwritten and compiled by Dave Kemper, Ruth Nathan, Patrick Sebranek; illustrated by Chris Krenzke.
250 _a1st ed.
260 _aWilmington, MA. :
_bWrite Source,
_c1995.
300 _axi, 452 p.
650 0 _aAuthorship
_xStudy and teaching.
_@0000169464
852 1 _9p500 KES
852 1 _9p500 KES
908 _a090222
950 _@1
999 _c14665
_d14665